000 00405nam a22001697a 4500
005 20180206145428.0
008 160701b xxu||||| |||| 00| 0 eng d
020 _a81-203-1489-1
041 _aeng
082 _b20226
_a005.432
100 _aSrirengan K
_93353
245 _aUNDERSTANDING UNIX
260 _bPHI
_aNEW DELHI
_c1999
300 _a202
650 _aInformation Technology
_9137
942 _cBK
999 _c5014
_d5012